<?xml version="1.0" encoding="UTF-8"?><?xml-stylesheet type="text/xsl" href="static/style.xsl"?><OAI-PMH xmlns="http://www.openarchives.org/OAI/2.0/" xmlns:xsi="http://www.w3.org/2001/XMLSchema-instance" xsi:schemaLocation="http://www.openarchives.org/OAI/2.0/ http://www.openarchives.org/OAI/2.0/OAI-PMH.xsd"><responseDate>2026-04-30T05:19:33Z</responseDate><request verb="GetRecord" identifier="oai:uvadoc.uva.es:10324/70834" metadataPrefix="marc">https://uvadoc.uva.es/oai/request</request><GetRecord><record><header><identifier>oai:uvadoc.uva.es:10324/70834</identifier><datestamp>2025-07-17T08:45:17Z</datestamp><setSpec>com_10324_38</setSpec><setSpec>col_10324_787</setSpec></header><metadata><record xmlns="http://www.loc.gov/MARC21/slim" xmlns:doc="http://www.lyncode.com/xoai" xmlns:xsi="http://www.w3.org/2001/XMLSchema-instance" xmlns:dcterms="http://purl.org/dc/terms/" xsi:schemaLocation="http://www.loc.gov/MARC21/slim http://www.loc.gov/standards/marcxml/schema/MARC21slim.xsd">
<leader>00925njm 22002777a 4500</leader>
<datafield tag="042" ind1=" " ind2=" ">
<subfield code="a">dc</subfield>
</datafield>
<datafield tag="720" ind1=" " ind2=" ">
<subfield code="a">Jiménez Parra, Laura</subfield>
<subfield code="e">author</subfield>
</datafield>
<datafield tag="260" ind1=" " ind2=" ">
<subfield code="c">2024</subfield>
</datafield>
<datafield tag="520" ind1=" " ind2=" ">
<subfield code="a">El presente Trabajo de Fin de Máster (TFM) tiene como objetivo indagar sobre el papel &#xd;
que desempeñan las emociones y las habilidades sociales en los conflictos interpersonales &#xd;
en el ámbito educativo, en su génesis y como medio para resolverlos. A tal fin se ha &#xd;
realizado un análisis bibliográfico del conflicto, la educación emocional, habilidades &#xd;
sociales y el papel del mediador escolar en la resolución de conflictos. Se ha hecho una &#xd;
recopilación de las legislaciones y políticas relevantes, así como de los desafíos y &#xd;
consideraciones éticas. Ello ha servido para diseñar una propuesta educativa social con la &#xd;
intención de evitar los conflictos o/y resolverlos satisfactoriamente cuando éstos tienen &#xd;
lugar.</subfield>
</datafield>
<datafield tag="024" ind2=" " ind1="8">
<subfield code="a">https://uvadoc.uva.es/handle/10324/70834</subfield>
</datafield>
<datafield tag="245" ind1="0" ind2="0">
<subfield code="a">Educación emocional en la resolución de conflictos en el ámbito educativo</subfield>
</datafield>
</record></metadata></record></GetRecord></OAI-PMH>